00434nam a2200157Ia 4500003000900000008004100009040001600050080001600066100002600082245005700108260004000165300001300205650001900218650002200237650001700259IN-BaIIA211028s9999 xx 000 0 eng d cIIA Library a535.33bVEN aVenable, William Mayo 4aThe interpretation of spectracWilliam Mayo Venable  aNew YorkbReinhold Publishingc1948 av, 200p. aAtomic Spectra aSpectral Analysis aSpectroscopy